LEADER 01506nam a2200301 i 4500 001 000000257059 003 CaOOAMICUS 005 20180129000000.0 008 180129s2013 it u000 u ita u 013 $a235967 020 $a978-88-7962-202-8 040 $aSeMil$bita 240 10$aLeer a Francisco y Clara de Asis.$0(OLS)http://semarc/title/406421 245 10$aChiara d'Assisi: vangelo al femminile :$batti del Convegno di studio : Milano, 31 marzo 2012 /$ca cura di Annalisa Parmigiani e Paolo Canali. 260 $aMilano :$bEdizioni Biblioteca Francescana,$c2013. 300 $a137 p., [8] c. di tav. :$bill. ;$c21 cm. 490 0 $aTau ;$v16 600 04$aChiara : d'Assisi .$0(OLS)http://semarc/subject/7962 650 4$aChiara : d'Assisi - Congressi.$0(OLS)http://semarc/subject/47059 700 1 $aCanali, Paolo$b.$0(OLS)http://semarc/name/49090 700 1 $aParmigiani, Annalisa.$0(OLS)http://semarc/name/94745 830 0$aTau ;$v16.$0(OLS)http://semarc/title/12989 850 $aSeMil 852 $aSeMil$W1$xVenegono$y1$m3H VI 59$j207405$B207405$CSeMilBibl$Z2$F221100 $81 961 $aAcquisto: LdS 996 $6020$a978-88-7962-202-8$9(OLS)http://semarc/number/281661 996 $6245$aChiara d'Assisi: vangelo al femminile :$batti del Convegno di studio : Milano, 31 marzo 2012$9(OLS)http://semarc/title/412627 996 $6260$aMilano :$bEdizioni Biblioteca Francescana$9(OLS)http://semarc/publisher/29947 LEADER 00628nam a2200181 i 4500 001 000000211991 003 CaOOAMICUS 005 20120322000000.0 008 120322s1903 it u000 u ita u 013 $a190820 040 $aSeMil$bita 245 10$a2. 300 $a354 p. 600 04$aTommaso : d'Aquino .$0(OLS)http://semarc/subject/115 773 0 $aCappellazzi, Andrea $tQui est.$dCrema : Tipografia Sociale, 1902-1905.$g2$w()26473 850 $aSeMil 852 $aSeMil$W1$xVenegono$y1$m2C II 41$j162430$B162430$CSeMilBibl$Z2$F173671 $81 996 $6245$a2$9(OLS)http://semarc/title/46889 LEADER 01901nam a2200301 i 4500 001 000000249549 003 CaOOAMICUS 005 20251210100708.0 008 160531s2016 it u000 u mul u 020 $a978-88-215-9810-4 040 $aSeMil$bita 240 10$aBibbia. Antico Testamento. Isaia.$0(OLS)http://semarc/title/80367 245 10$aIsaia :$bebraico, greco, latino, italiano : testo ebraico della Biblia Hebraica Stuttgartensia; traduzione interlineare italiana di Stefano Mazzoni; testo greco dei Settanta, a cura di Rahlfs-Hanhart; testo latino della Vulgata Clementina; testo italiano della Nuovissima Versione della Bibbia /$ca cura di Marco Zappella. 260 $aCinisello Balsamo :$bSan Paolo,$c2016. 300 $aXV, 382 p. ;$c25 cm. 490 1 $aBibbia ebraica interlineare ;$v10 500 $aIn testa al front.: Titolo in caratteri ebraici. 650 4$aBibbia. Antico Testamento. Isaia - Analisi narrativa e linguistica.$0(OLS)http://semarc/subject/42438 700 1 $aZappella, Marco.$0(OLS)http://semarc/name/33303 700 1 $aMazzoni, Stefano,$d<1972- >.$0(OLS)http://semarc/name/83013 830 0$aBibbia ebraica interlineare ;$v10.$0(OLS)http://semarc/title/2330 850 $aSeMil 852 $aSeMil$W1$xVenegono$y1$m2XA Z 10$j236776$B199895$CSeMilBibl$Z2$F211427 $81 961 $aSottoscrizione: Cittą Nuova 996 $6020$a978-88-215-9810-4$9(OLS)http://semarc/number/259721 996 $6245$aIsaia :$bebraico, greco, latino, italiano : testo ebraico della Biblia Hebraica Stuttgartensia; traduzione interlineare italiana di Stefano Mazzoni; testo greco dei Settanta, a cura di Rahlfs-Hanhart; testo latino della Vulgata Clementina; testo italiano della Nuovissima Versione della Bibbia$9(OLS)http://semarc/title/351749 996 $6260$aCinisello Balsamo :$bSan Paolo$9(OLS)http://semarc/publisher/30129